Indivisibili /

Đã lưu trong:
Chi tiết về thư mục
Tác giả chính: Avitabile, Enzo, (1955- ) (Nhà soạn nhạc)
Tác giả khác: De Razza, Attilio (Nhà sản xuất), Verga, Pierpaolo (Nhà sản xuất), De Angelis, Edoardo, (1978- Napoli) (Giám đốc, Người viết kịch bản), Fontana, Angela (attrice) (Diễn viên), Fontana, Marianna (attrice) (Diễn viên), Rossi, Massimiliano (attore) (Diễn viên), de Notaris, Marco Mario (Diễn viên), Laudadio, Tony (Diễn viên), Petronio, Barbara, (1973- ) (Người viết kịch bản), Guaglianone, Nicola, (1973- ) (Biên kịch, Người viết kịch bản), Truppo, Antonia (Diễn viên), Paredes, Ferran (Nhiếp ảnh gia)
Định dạng: Slide
Ngôn ngữ:Tiếng Italy
Được phát hành: [Milano] : Warner Bros. Entertainment Italia [distributore], ©2017
Các nhãn: Thêm thẻ
Không có thẻ, Là người đầu tiên thẻ bản ghi này!

MARC

LEADER 00000ngm a22000007i 4500
001 IT\ICCU\MOD\1667027
003 ItRI
005 20260124182917.0
008 170316s2017 it |||||||||||||||k|||||c
024 3 1 |a 5051891146938 
028 4 2 |a 1000638319  |b Medusa 
028 4 2 |a 5000232648  |b Medusa 
040 |b ita 
041 7 |a ita  |2 ISO-639-2 
130 0 |a Indivisibili <film ; 2016>  |3 IT\ICCU\MOD\1667030 
245 0 0 |a Indivisibili /  |c un film di Edoardo De Angelis ; soggetto di Nicola Guaglianone ; sceneggiatura di Nicola Guaglianone, Barbara Petronio, Edoardo De Angelis ; fotografia di Ferran Paredes Rubio ; musica di Enzo Avitabile ; prodotto da Attilio De Razza, Pierpaolo Verga ; [cast] Angela e Marianna Fontana, Antonia Truppo ... [et al.]. 
260 |a [Milano] :  |b Warner Bros. Entertainment Italia [distributore],  |c ©2017 
300 |a 1 DVD-video (circa 100 min) :  |b color. ;  |c in contenitore, 19 cm 
500 |a Caratteristiche tecniche: regione 2; video 16:9, 2.35:1; audio Dolby digital 5.1 
500 |a Titolo del contenitore 
500 |a Luogo di pubblicazione ricavato da fonte esterna 
500 |a Prima del titolo: Attilio De Razza e Pierpaolo Verga in collaborazione con Medusa Film presentano 
500 |a Produzione cinematografica: Italia, 2016; ©2016 Tramp limited, O'Groove 
500 |a Sottotitoli: inglese 
500 |a Interpreti: Angela Fontana, Marianna Fontana, Antonia Truppo, Massimliano Rossi, Tony Laudadio 
500 |a Contenuti speciali: Backstage, Trailer. 
700 1 |a De Razza, Attilio  |0 IT\ICCU\DDSV\282796  |4 pro 
700 1 |a Verga, Pierpaolo  |0 IT\ICCU\DDSV\350486  |4 pro 
700 1 |a De Angelis, Edoardo,  |d  (1978-   |c Napoli)  |0 IT\ICCU\MODV\648298  |4 drt 
700 1 |a De Angelis, Edoardo,  |d  (1978-   |c Napoli)  |0 IT\ICCU\MODV\648298  |4 sce 
700 1 |a Fontana, Angela  |c  (attrice)  |0 IT\ICCU\MODV\662638  |4 act 
700 1 |a Fontana, Marianna  |c  (attrice)  |0 IT\ICCU\MODV\662639  |4 act 
700 1 |a Rossi, Massimiliano  |c  (attore)  |0 IT\ICCU\MODV\662640  |4 act 
700 1 |a de Notaris, Marco Mario  |0 IT\ICCU\NAPV\188365  |4 act 
700 1 |a Laudadio, Tony  |0 IT\ICCU\PARV\565842  |4 act 
700 1 |a Petronio, Barbara,  |d  (1973- )  |0 IT\ICCU\RAVV\667130  |4 sce 
700 1 |a Guaglianone, Nicola,  |d  (1973- )  |0 IT\ICCU\RAVV\686060  |4 aus 
700 1 |a Guaglianone, Nicola,  |d  (1973- )  |0 IT\ICCU\RAVV\686060  |4 sce 
700 1 |a Avitabile, Enzo,  |d  (1955- )  |0 IT\ICCU\SBLV\037165  |4 cmp 
700 1 |a Truppo, Antonia  |0 IT\ICCU\UBOV\373083  |4 act 
700 1 |a Paredes, Ferran  |0 IT\ICCU\VIAV\133224  |4 pht 
710 2 |a Warner Bros. Entertainment  |0 IT\ICCU\DDSV\013420  |4 pbl 
752 |a it   |d Milano 
790 1 |a Paredes Rubio, Ferran  |3 IT\ICCU\LO1V\449789  |z Paredes, Ferran 
942 |2 ddc  |c VM  |n 0 
952 |0 0  |1 0  |4 0  |6 VO_2326_000000000000000  |7 0  |9 27940  |a BO  |b BO  |d 2026-01-24  |i 18737  |l 0  |o VO 2326  |p BO18737  |r 2026-01-24 18:29:17  |w 2026-01-24  |x [Sebina 7] [1 dvd]  |y VM  |z 1 dvd 
999 |c 23686  |d 23686